| 000 | 00745nam a2200229Ia 4500 | ||
|---|---|---|---|
| 005 | 20260428121746.0 | ||
| 008 | 241129s9999||||xx |||||||||||||| ||und|| | ||
| 020 | _a9781538159644 | ||
| 040 |
_aRTL _beng _cRTL |
||
| 041 |
_aeng _2eng |
||
| 084 |
_aY:5.1 Q9 _qRTL |
||
| 245 | 0 | _aNomadic food: anthropological and historical studies around the world | |
| 260 |
_aNew York _bRoutledge _c2019 |
||
| 300 |
_aviii, 212 p. _bIncludes bibliographical references and index |
||
| 365 |
_aINR _b2854.32 |
||
| 650 | _aAnthropology | ||
| 650 | _aSociology | ||
| 700 |
_aBianquis Isabelle; _eEditor _91235869 |
||
| 700 |
_a Williot Jean-Pierre _eEditor _91235870 |
||
| 942 |
_cGB _hY:5.1 Q9 _2CC |
||
| 999 |
_c1224865 _d1224865 |
||